Investments in Failure: Five Government Corporations that Cost the Canadian Taxpayer Billions. (Record no. 745)

MARC details
005 - DATE AND TIME OF LATEST TRANSACTION
control field 20250317093429.0
020 ## - INTERNATIONAL STANDARD BOOK NUMBER
International Standard Book Number 0-458-80-340-5
082 ## - DEWEY DECIMAL CLASSIFICATION NUMBER
Classification number 351.009 BOR
100 ## - MAIN ENTRY--PERSONAL NAME
Author name BORINGS,N.F
245 ## - TITLE STATEMENT
Title Investments in Failure: Five Government Corporations that Cost the Canadian Taxpayer Billions.
260 ## - PUBLICATION, DISTRIBUTION, ETC.
Place of publication, distribution, etc. New York,
Name of publisher, distributor, etc. Methuen,
Date of publication, distribution, etc. 1986.
300 ## - PHYSICAL DESCRIPTION
Extent x,175p.:Ill.;tables.
Other physical details Index.
Dimensions 22cm.
700 ## - ADDED ENTRY--PERSONAL NAME
Other authors/Editors LEE,BROWN.
942 ## - ADDED ENTRY ELEMENTS (KOHA)
Source of classification or shelving scheme Dewey Decimal Classification
Koha item type Books
Holdings
Date last seen Total checkouts Full call number Barcode Cost, replacement price Price effective from Koha item type Lost status Source of classification or shelving scheme Damaged status Not for loan Withdrawn status Home library Current library Shelving location Date acquired Cost, normal purchase price
03/17/2025   351.009 BOR 0000003057 30000.00 03/17/2025 Books   Dewey Decimal Classification       College of Business Education Main Library College of Business Education Main Library General Collection 03/17/2025 10000.00
03/17/2025   351.009 BOR 0000003058 30000.00 03/17/2025 Books   Dewey Decimal Classification       College of Business Education Main Library College of Business Education Main Library General Collection 03/17/2025 10000.00
03/17/2025   351.009 BOR 0000003059 30000.00 03/17/2025 Books   Dewey Decimal Classification       College of Business Education Main Library College of Business Education Main Library General Collection 03/17/2025 10000.00